000 00720nam a2200241 a 4500
008
020 _a0521555299 (pbk.)
049 _aMAIN
090 _aQA401 RIL
100 _aRiley, K. F.
245 _aMathematical methods for physics and engineering /
_cK. F. Riley, M. P. Hobson and S. J. Bence.
260 _aCambridge :
_bCambridge University Press,
_c1998.
300 _axix, 1008 p. :
_b ill. ;
_c25 cm.
500 _aIncludes index.
650 _aMathematical analysis.
700 _aHobson, M. P.
700 _aBence, S. J.
907 _a.b10091567
_b06-11-14
_c17-11-03
003
005 20230123134217.0
040 _cNUST
942 _cBOOKS
_kQA401 RIL
999 _c161963
_d161963